Word Scramble - Elements - Statistics

General Stats
  • This quiz has been taken 22 times
  • The average score is 13 of 22
Answer Stats
Scrambled Unscramble % Correct
dglo Gold
100%
nroi Iron
100%
genoxy Oxygen
95%
gyrdoneh Hydrogen
89%
ulaimumin Aluminium
84%
uaurmin Uranium
84%
inclek Nickel
68%
durami Radium
68%
adanvumi Vanadium
63%
elemnusi selenium
58%
gramiumen Germanium
53%
tringone Nitrogen
53%
herunim Rhenium
47%
athnanulm Lanthanum
42%
smimou Osmium
42%
mimaerciu Americium
37%
sataniet Astatine
37%
enntuipim Neptunium
37%
threunumi Ruthenium
37%
limutuet Lutetium
32%
muminodye Neodymium
32%
ripuemou Europium
26%
No matching quizzes found
Score Distribution
Percent of People with Each Score
Percentile by Number Answered
Your Score History
You have not taken this quiz